000 01134nam a22002777a 4500
003 dpl
005 20180831121547.0
008 180830b xxu||||| |||| 00| 0 eng d
010 _aA-756497
020 _c125.00
035 _aA-756497, A-756516, A-756518
037 _bCen Lib/Ret
040 _aDPL
_bHN
_c0
082 _a
_bनंदकि
100 _aनंद किशोर विक्रम
_947448
245 _aउर्दू कहानीकार :
_cनंद किशोर विक्रम
_bहंसराज रहबर /
246 _aUrdu kahanikar : Hansraj Rehbar /
_bby Nand Kishore Vikram
260 _aदिल्ली
_bइन्द्रप्रस्थ प्रकाशन
_c1996
270 _aके-71, कृष्णनगर
_bदिल्ली
_e110051
300 _a151पृ.
_c20सेमी (सजिल्द)
650 _aहिन्दी -- साहित्य
_956858
650 _aहिन्दी -- कहानी
_9779
650 _aHindi -- Literature
_956859
650 _aHindi -- story
_943117
942 _2ddc
_cHN
_h
_mनंदकि
999 _c114444
_d114444